000 00700nam a2200217Ii 4500
003 JO-AjNU
008 230605s9999||||xx |||||||||||||| ||und||
017 _a2004/1/227
040 _aJO-AjNU
_bara
_erda
_cJO-AjNU
041 _aara
050 1 4 _aAG196.A7.W3222.2004
100 3 _aاعداد الوادي، احمد صلاح ,
_eauthor
_936728
245 0 0 _aمعارك وقادة ومشاهير :اسئلة واجوبة، ج 4
264 3 1 _aد.م،2004
300 _aج4، 71ص
336 _atext
_btxt
_2rdacontent
337 _aunmediated
_bn
_2rdamedia
338 _avolume
_bnc
_2rdacarrier
490 0 _aسلسلة واحة المعرفة
650 4 _a أسئلة و أجوبة 
_936729
999 _aA15285
_c18853
_d18853